Регионална библиотека "Любен Каравелов" - Русе

Българска военна история (Запис номер 61624)

MARC детайли
000 -Лидер
Контролно поле с фиксирана дължина 01234nam a2200313 c 4500
003 - Код на организацията, давaща контролен номер
Контролно поле BLK
005 - Дата и час на последна редакция
Контролно поле 20220212151310.0
008 - Елементи от данни с фиксирана дължина
fixed length control field 180408b bul|||||r ||||||| ||bul||
010 ## - Наследен системен номер
LC control number KNG00065827000
040 ## - Източник на каталожния запис
Идентификатор на билиотеката - собственик на записа BLK
041 ## - Код за език
Код за езика на текст/звукозапис или на отделно заглавие Български
Код за езика КДБФ Български
080 ## - УДК
Текстов определител УДК Военна история - Военни походи, битки, героични подвизи. Вж и 93/99
УДК код - определител по УДК 355.48
УДК определител (497.2)
УДК - код + определител 355.48(497.2)
139 ## - Редно поле
Редна дума Българска военна история
Авторски знак Бъл - Б 92
245 10 - Сведения за заглавието
Заглавие Българска военна история
Подзаглавни данни Подб. извори и док. : Т. 1 - 3
Редно поле (дума) под ред. на Димитър Ангелов.
Том Т. 1
257 ## - Страна на издаване
Страна на създаване/издаване България
260 ## - Област на издателските данни
-- София
Име на издателя, разпространителя и проч. Воен. изд.
Година на издаване 1977 -
300 ## - Физическа характеристика
Размери/Мащаб 25 см
380 ## - Жанр
Жанр Обществени науки
650 #4 - Допълнително описание по предмет – тема
Основно описание – тема или топоним България - военна история
9 (RLIN) 241785
653 ## - Ключова дума – ненормативна
Ключова дума военна история
653 ## - Ключова дума – ненормативна
Ключова дума България
700 1# - Други автори (авторска отговорност)
Лично име Ангелов, Димитър
Автороска отговорност (Описва отношението между автора и произведението) под ред. на
9 (RLIN) 363623
760 1# - Описание на основната серия
Място на издаване, издател и година 1977
Страници - том 635 с.
Забележка - том Именен, терминолог. и геогр. показалец
Заглавие Т. 1
852 ## - Местоположение
Форматна сигнатура Цб 90837
856 4# - Електронен адрес и достъп
Електронен формат pdf - файл
Път до файла /url/
856 4# - Електронен адрес и достъп
Електронен формат pdf - файл
Път до файла /url/
942 ## - АРТИКУЛИ
Вид на библиотечния материал Книги
Скрит в OPAC Не
Koha issues (borrowed), all copies 3
944 ## - СЪЗДАВАНЕ И РЕДАКЦИЯ на ЗАПИСА
Създаване/Редакция Създаване
Дата на регистрацията/редакция 13.06.2004
Служител, извършил регистрацията/редакцията Геновева_Генчева
944 ## - СЪЗДАВАНЕ И РЕДАКЦИЯ на ЗАПИСА
Създаване/Редакция Редакция
Дата на регистрацията/редакция 15.09.2007
Служител, извършил регистрацията/редакцията
999 ## - СИСТЕМНИ КОНТРОЛНИ НОМЕРА
Koha biblionumber 61624
Koha biblioitemnumber 61624
Наличности
Код за отписване Код за изгубен артикул Източник на класификационната схема Код за повреда Коз за рестрикции Код за отдаване Артикулен № Име на библиотеката - собственик Име на библиотеката, в която се намира в момента Статус (Текущо местоположение) Дата на вписване в системата Местоположение - отдел Цена в лева Инвентарен номер Систематично азбучна сигнатура Баркод Номер на екземпляра Цена в евро Служебна бележка Служебен тип на артикула
  Не е изгубен Universal Decimal Classification Не е повреден само за читалня ползва се в читалня 102339 Регионална библиотека "Любен Каравелов" Русе Регионална библиотека "Любен Каравелов" Русе Хранилище 1977-01-01 Хранилище 4.36 252062 Цб 90837 120000252062 1 2.23 Дост: Dp Вид: Д N: стар фонд Дата: 01.01.1977 Книги
Изтеглен Не е изгубен Universal Decimal Classification Не е повреден без рестрикции заемане за дома 102340 Регионална библиотека "Любен Каравелов" Русе Регионална библиотека "Любен Каравелов" Русе Заемна - подръчен фонд 1977-01-01 Заемна - подръчен фонд 4.36 253603 П 355.48/Б 92 253603 2 2.23 Дост: Pk Вид: Ф N: стар фонд Дата: 01.01.1977 Книги
  Не е изгубен Universal Decimal Classification Не е повреден без рестрикции заемане за дома 102341 Регионална библиотека "Любен Каравелов" Русе Регионална библиотека "Любен Каравелов" Русе Заемна - подръчен фонд 1977-01-01 Заемна - подръчен фонд 4.36 253606 П 355.48/Б 92 120000253606 3 2.23 Дост: Pk Вид: Ф N: стар фонд Дата: 01.01.1977 Дата инв: 06.02.2018 Бележки инв: П2018 Книги
Изтеглен Не е изгубен Universal Decimal Classification Не е повреден без рестрикции заемане за дома 102342 Регионална библиотека "Любен Каравелов" Русе Регионална библиотека "Любен Каравелов" Русе Заемна - подръчен фонд 1977-01-01 Заемна - подръчен фонд 4.36 253607 П 355.48/Б 92 253607 4 2.23 Дост: Pk Вид: Ф N: стар фонд Дата: 01.01.1977 Книги
Изтеглен Не е изгубен Universal Decimal Classification Не е повреден без рестрикции ползва се в читалня 102343 Регионална библиотека "Любен Каравелов" Русе Регионална библиотека "Любен Каравелов" Русе Читалня 1977-01-01 Читалня 4.36 253608 Ч 355/359/Б 92 253608 5 2.23 Дост: Pk Вид: Ф N: стар фонд Дата: 01.01.1977 Дата инв: 14.03.2017 Бележки инв: Ч2017 Книги
Vip Innovations Ltd, Rousse, Bulgaria 2025